000 04174nab a2200301 i 4500
003 BR-BrBNA
005 20250321082412.0
008 250321b2021 bl.qr|pooa||| 00| 0 por |
040 _aBR-BrBNA
_bpor
072 _aK50
100 _aBernardi, Lucas Kröhling
100 _aThiersch, Monica Fabiana Bento Moreira
100 _aArteaga, Argemiro José Moreno
100 _aAlmeida, Alessandro Araujo Amaral de
100 _aPádua, Franciane Andrade de
100 _aThiersch, Cláudio Roberto
245 _aDiferentes modelos para o afilamento do tronco de Eucalyptus sp. para o cenário florestal brasileiro
500 _aPublicação on-line; 27 ref.; 4 tables; 4 illus.; Summaries (En, Pt)
520 _a RESUMO As funções de afilamento são ferramentas úteis para estimar diâmetros de toras e volumes comerciais de madeira a quaisquer alturas, sendo de grande importância para os empreendimentos florestais que buscam a otimização do uso de suas florestas. Este trabalho teve como objetivo avaliar modelos de afilamento segmentados, não segmentados e modelos de forma variável para estudo do afilamento do tronco de árvores de Eucalyptus sp. Com uma base de dados proveniente de um plantio de Eucalyptus sp. localizado no sul do estado de São Paulo aos 6,3 anos de idade, os modelos de afilamento testados foram: os modelos não segmentados de Ormerod (1973) e de Schöepfer (1966), o modelo segmentado de Max e Burkhart (1976), e os modelos de forma variável de Muhairwe (1999), Methol (2001) apud Rachid et al. (2014) e de Kozak (2004). Os volumes reais foram calculados utilizando-se o método de Smalian. O modelo de Kozak (2004) obteve as melhores medidas de precisão para estimativa dos diâmetros, já a equação de Muhairwe (1999) demonstrou os melhores resultados gráficos de dispersão de resíduos para a mesma estimativa. Para a estimativa volumétrica, a equação que obteve os melhores resultados foi a proposta por Methol (2001) apud Rachid et al. (2014), com as melhores medidas de precisão e melhor comportamento gráfico, com menores tendências e dispersão mais concentrada dos resíduos. Palavras-chave: Multiprodutos; Técnicas de modelagem; Sortimento; Forma do tronco ABSTRACT Taper functions are useful tools for estimating log diameters and commercial wood volumes at any height, being of great importance to forestry enterprises that aim to optimize the use of their forests. Thus, the aim of this work was to evaluate segmented, non-segmented and variable-exponent taper models for studying the trunk taper of Eucalyptus sp. With a database from a 6.3-year-old Eucalyptus sp. planted forest, in the south of the state of São Paulo, the taper models tested were: the non-segmented models of Schöepfer (1966) and Ormerod (1973) the segmented model of Max and Burkhart (1976), and the variable-exponent models of Muhairwe (1999), Methol (2001) apud Rachid et al. (2014) and Kozak (2004). Real volumes were calculated using the Smalian formula. The equation proposed by Kozak (2004) obtained the best accuracy to estimate the diameters, whereas the Muhairwe (1999) equation showed the best graphic dispersion results for the same estimate. For volume estimation, the equation that obtained the best results was that proposed by Methol (2001) apudRachid et al. (2014), with the best measures of precision and better graphical behavior, with smaller trends and more concentrated dispersion of the residues. Keywords: Multiproducts; Modeling techniques; Assortment; Stem shape
650 _aEUCALYPTUS SPP
650 _aPRODUTO FLORESTAL
650 _aVOLUME
650 _aTORA
773 0 _04065
_9348518
_dSanta Maria-RS Universidade Federal de Santa Maria - Centro de Pesquisas Florestais.Departamento de Ciências Florestais. Programa de Pós-Graduação em Engenharia Florestal 1991
_o2025-1011
_tCiência Florestal (Brazil)
_x0103-9954; 1980-5098 (on-line)
_gv. 31(3) p. 1364-1382; (Jul-Sep 2021)
_wBR2023001891
856 _uhttps://www.scielo.br/j/cflo/a/k3zbMzhFqJXHCdHVrVv3kKj/?format=pdf&lang=pt
942 _cANA
999 _c330583
_d330583